[Event "Ste-Foy - Botwinnik"]
[Site "Ste-Foy CAN"]
[Date "2018.09.08"]
[Round "1"]
[White "Desbiens, Raphael"]
[Black "Sauve, Richard"]
[Result "1-0"]
[WhiteElo "2175"]
[BlackElo "1920"]
[PlyCount "67"]
[EventDate "2018.09.08"]
[EventType "swiss"]
[EventRounds "5"]
[EventCountry "CAN"]

1. d4 e6 2. c4 d5 3. Nc3 c6 4. Nf3 dxc4 5. e4 b5 6. a4 Bb4 7. Be2 Bb7 8. O-O a6
9. Qc2 Ne7 10. Rd1 O-O 11. b3 Bxc3 12. Qxc3 cxb3 13. Bb2 f6 14. Qxb3 Qd7 15.
Rac1 Kh8 16. h4 Ng6 17. g3 Qf7 18. Ba3 Rd8 19. h5 Nf8 20. Nh4 Nbd7 21. Nf5 Nb6
22. a5 Nc8 23. h6 gxh6 24. Bc5 Qd7 25. Nxh6 Kg7 26. Qe3 Nd6 27. Kg2 Nf7 28. Rh1
Ng6 29. Rh5 Nxh6 30. Qxh6+ Kg8 31. Rch1 e5 32. Bg4 Nf4+ 33. Kf1 Qf7 34. gxf4
1-0

[Event "Ste-Foy - Botwinnik"]
[Site "Ste-Foy CAN"]
[Date "2018.09.08"]
[Round "1"]
[White "Fecteau, Martin"]
[Black "Boisvert, Michel"]
[Result "0-1"]
[WhiteElo "1914"]
[BlackElo "2031"]
[PlyCount "96"]
[EventDate "2018.09.08"]
[EventType "swiss"]
[EventRounds "5"]
[EventCountry "CAN"]

1. d4 Nf6 2. Nf3 d5 3. c4 c6 4. g3 Bf5 5. Bg2 e6 6. O-O Be7 7. Qb3 Qb6 8. Nc3
dxc4 9. Qxc4 Nbd7 10. a3 Ne4 11. Qa2 O-O 12. Be3 Qc7 13. Rac1 Ndf6 14. Nh4 Nxc3
15. Rxc3 Be4 16. Bc1 Bxg2 17. Nxg2 Rad8 18. e3 e5 19. dxe5 Qxe5 20. f4 Qh5 21.
Rc2 Ng4 22. h4 Nf6 23. Qc4 Rd1 24. Qe2 Qxe2 25. Rxe2 Rxf1+ 26. Kxf1 Ne4 27. Rc2
Nxg3+ 28. Kf2 Nf5 29. h5 Rd8 30. Rd2 Nd6 31. Kf3 f5 32. Ne1 Kf7 33. Nc2 Ne4 34.
Rxd8 Bxd8 35. Nd4 Nd6 36. Bd2 Bf6 37. Bc3 c5 38. Ne2 Nc4 39. b4 Nxa3 40. bxc5
Nb5 41. Bb4 Ke6 42. e4 Nd4+ 43. Nxd4+ Bxd4 44. e5 Kd5 45. c6 bxc6 46. Bf8 c5
47. Bxg7 a5 48. h6 a4 0-1

[Event "Ste-Foy - Botwinnik"]
[Site "Ste-Foy CAN"]
[Date "2018.09.08"]
[Round "1"]
[White "Laflamme, Simon"]
[Black "Chouinard, Etienne"]
[Result "1/2-1/2"]
[WhiteElo "1948"]
[BlackElo "1879"]
[PlyCount "106"]
[EventDate "2018.09.08"]
[EventType "swiss"]
[EventRounds "5"]
[EventCountry "CAN"]

1. d4 d5 2. c4 e6 3. Nc3 Nf6 4. cxd5 exd5 5. Bg5 Nbd7 6. e3 c6 7. Bd3 Be7 8.
Nge2 O-O 9. Qc2 h6 10. Bh4 Re8 11. f3 Nb6 12. O-O g5 13. Bf2 g4 14. Nf4 Bd6 15.
Nfe2 gxf3 16. gxf3 Bh3 17. Rfe1 Kh8 18. Kh1 Ne4 19. fxe4 Qf6 20. Nf4 Bxf4 21.
exf4 Qxf4 22. Re3 Bg4 23. Rg3 Bf3+ 24. Kg1 dxe4 25. Qc1 e3 26. Be1 Rg8 27. Be2
h5 28. Bxf3 Qxf3 29. Qd1 Rxg3+ 30. Bxg3 Qf5 31. Qf1 Qg6 32. Kh1 Re8 33. Be5+
Kh7 34. Qf6 Nc4 35. Qxg6+ Kxg6 36. Rg1+ Kf5 37. Rf1+ Kg4 38. Rf4+ Kg5 39. Ne4+
Kg6 40. Rf6+ Kg7 41. Rf3+ Kf8 42. Ng3 Nxe5 43. dxe5 Rxe5 44. Ne2 Ke7 45. Kg2 f5
46. Rf4 Kf6 47. Kf3 c5 48. Ra4 a6 49. Ra3 c4 50. Nd4 Re4 51. Ne2 Rh4 52. Kg3
Rg4+ 53. Kf3 Rh4 1/2-1/2

[Event "Ste-Foy - Botwinnik"]
[Site "Ste-Foy CAN"]
[Date "2018.09.08"]
[Round "1"]
[White "Sarra-Bournet, Marc"]
[Black "Poliquin, Yvon"]
[Result "0-1"]
[WhiteElo "1874"]
[BlackElo "1926"]
[PlyCount "92"]
[EventDate "2018.09.08"]
[EventType "swiss"]
[EventRounds "5"]
[EventCountry "CAN"]

1. e4 g6 2. d4 Bg7 3. f4 c5 4. d5 d6 5. Nf3 Nd7 6. Be2 Ngf6 7. Nc3 a6 8. O-O
Qc7 9. a4 b6 10. Bd2 Bb7 11. Qe1 c4 12. Be3 Ng4 13. Bd2 b5 14. axb5 axb5 15.
Rxa8+ Bxa8 16. h3 b4 17. hxg4 bxc3 18. Bxc3 f6 19. Bd4 O-O 20. Qc3 Nb6 21. Ra1
e5 22. dxe6 Bxe4 23. e7 Re8 24. Ra6 Nd7 25. Bxc4+ Kh8 26. Ng5 Rxe7 27. Ra8+
Bxa8 28. Ne6 Qc6 29. Kf1 Qxg2+ 30. Ke1 Qc6 31. Kd1 Qf3+ 32. Kd2 Qxc3+ 33. Bxc3
d5 34. Bb5 Rxe6 35. Bxd7 Re4 36. b4 d4 37. Bb2 Rxf4 38. b5 f5 39. gxf5 gxf5 40.
Ke1 Be4 41. Kd2 Rf2+ 42. Kd1 Rxc2 43. Ba3 d3 44. b6 Bf3+ 45. Ke1 Bc3+ 46. Kf1
d2 0-1

[Event "Ste-Foy - Botwinnik"]
[Site "Ste-Foy CAN"]
[Date "2018.09.15"]
[Round "2"]
[White "Chouinard, Etienne"]
[Black "Fecteau, Martin"]
[Result "1-0"]
[WhiteElo "1879"]
[BlackElo "1914"]
[PlyCount "39"]
[EventDate "2018.09.08"]
[EventType "swiss"]
[EventRounds "5"]
[EventCountry "CAN"]

1. e4 c5 2. f4 Nc6 3. Nf3 g6 4. c3 Bg7 5. Na3 e6 6. e5 Nge7 7. Nc4 O-O 8. g4 f6
9. d4 fxe5 10. fxe5 cxd4 11. cxd4 b5 12. Nd6 a6 13. Bg2 Nd5 14. O-O Qb6 15. Kh1
a5 16. Bg5 Ba6 17. b4 h6 18. Qd3 hxg5 19. Nxg5 Nde7 20. Qh3 1-0

[Event "Ste-Foy - Botwinnik"]
[Site "Ste-Foy CAN"]
[Date "2018.09.15"]
[Round "2"]
[White "Labrecque, Rejean"]
[Black "Laflamme, Simon"]
[Result "0-1"]
[WhiteElo "1640"]
[BlackElo "1948"]
[PlyCount "58"]
[EventDate "2018.09.08"]
[EventType "swiss"]
[EventRounds "5"]
[EventCountry "CAN"]

1. d4 Nf6 2. c4 g6 3. Nc3 Bg7 4. e4 d6 5. Nf3 O-O 6. Be2 e5 7. d5 a5 8. h3 Na6
9. Be3 Nh5 10. Qd2 f5 11. Bg5 Qe8 12. O-O-O Nc5 13. exf5 gxf5 14. Rdg1 Nf6 15.
Bxf6 Bxf6 16. g4 f4 17. g5 Bg7 18. h4 e4 19. Nd4 Qe5 20. Ndb5 c6 21. Nc7 Rb8
22. Bg4 Nd3+ 23. Kd1 Nc5 24. h5 e3 25. Qe2 Qd4+ 26. Kc2 Ne4 27. Rd1 Nxc3 28.
bxc3 Qxc3+ 29. Kb1 Bxg4 0-1

[Event "Ste-Foy - Botwinnik"]
[Site "Ste-Foy CAN"]
[Date "2018.09.15"]
[Round "2"]
[White "Nafii, Adil"]
[Black "Sarra-Bournet, Marc"]
[Result "1-0"]
[WhiteElo "1564"]
[BlackElo "1874"]
[PlyCount "107"]
[EventDate "2018.09.08"]
[EventType "swiss"]
[EventRounds "5"]
[EventCountry "CAN"]

1. d4 d5 2. c4 e6 3. Nc3 Nf6 4. Bg5 Nbd7 5. e3 Be7 6. Nf3 O-O 7. cxd5 exd5 8.
Bd3 h6 9. Bh4 c5 10. Rc1 cxd4 11. Nxd4 Ne5 12. Bb1 Re8 13. h3 a6 14. O-O Nc6
15. Nf5 Bxf5 16. Bxf5 d4 17. exd4 Nxd4 18. Bb1 Bc5 19. Bxf6 Qxf6 20. Ne4 Rxe4
21. Bxe4 Bb6 22. Qg4 Re8 23. Rc8 Ne2+ 24. Kh2 Qe5+ 25. g3 Nd4 26. Rxe8+ Qxe8
27. Bxb7 f5 28. Qf4 Qe2 29. Kg2 Kh7 30. g4 g5 31. Qd6 fxg4 32. hxg4 Qxg4+ 33.
Qg3 Qe6 34. Rc1 Nf5 35. Qd3 Kg7 36. Rc6 Nh4+ 37. Kf1 Qg4 38. Rxb6 Qf4 39. Re6
Qc1+ 40. Re1 Qxb2 41. Qxa6 Qc3 42. Qc6 Qd3+ 43. Kg1 Nf5 44. Qe6 Qd2 45. Qe5+
Kg6 46. Qe2 Qd6 47. Bc8 h5 48. Bxf5+ Kxf5 49. Qxh5 Qd4 50. Qh3+ g4 51. Qh7+ Kg5
52. Qe7+ Kf5 53. Qe6+ Kf4 54. Qe3+ 1-0

[Event "Ste-Foy - Botwinnik"]
[Site "Ste-Foy CAN"]
[Date "2018.09.15"]
[Round "2"]
[White "Oliver, Vance"]
[Black "Michaud, Jacques"]
[Result "1-0"]
[WhiteElo "1499"]
[BlackElo "1581"]
[PlyCount "73"]
[EventDate "2018.09.08"]
[EventType "swiss"]
[EventRounds "5"]
[EventCountry "CAN"]

1. e4 c5 2. Nf3 d6 3. g3 Nc6 4. c3 e5 5. Bg2 Nf6 6. d3 Be7 7. O-O O-O 8. Nbd2
Be6 9. Qe2 Qc8 10. Nc4 Bxc4 11. dxc4 Qg4 12. Re1 h6 13. h3 Qe6 14. Nh4 Nh7 15.
Nf5 Bg5 16. h4 Bxc1 17. Raxc1 Ne7 18. Bh3 Nxf5 19. exf5 Qf6 20. Qd2 Rad8 21.
Re4 h5 22. Rd1 g5 23. fxg6 fxg6 24. Qd5+ Kh8 25. f4 exf4 26. Rxf4 Qe7 27. Rxf8+
Qxf8 28. Rf1 Qe7 29. Rf7 Qe3+ 30. Kh2 Qe2+ 31. Qg2 Qxc4 32. Qxb7 Nf8 33. Qe7
Kg8 34. Rf2 Rb8 35. Qxd6 Re8 36. Rxf8+ Rxf8 37. Be6+ 1-0

[Event "Ste-Foy - Botwinnik"]
[Site "Ste-Foy CAN"]
[Date "2018.09.15"]
[Round "2"]
[White "Sauve, Richard"]
[Black "Kamara, Adama"]
[Result "1-0"]
[WhiteElo "1920"]
[BlackElo "1565"]
[PlyCount "91"]
[EventDate "2018.09.08"]
[EventType "swiss"]
[EventRounds "5"]
[EventCountry "CAN"]

1. d4 Nf6 2. c4 e6 3. Nc3 Bb4 4. Qc2 O-O 5. Bg5 c5 6. dxc5 h6 7. Bh4 Nc6 8. e3
Bxc3+ 9. Qxc3 Ne4 10. Bxd8 Nxc3 11. bxc3 Rxd8 12. Nf3 d6 13. cxd6 Rxd6 14. Be2
b6 15. Nd4 Bb7 16. O-O Rad8 17. Rfd1 Na5 18. Nb5 Rxd1+ 19. Rxd1 Rxd1+ 20. Bxd1
a6 21. Nd6 Kf8 22. Kf1 Ke7 23. Nxb7 Nxb7 24. Ke2 Kd6 25. Kd3 Nc5+ 26. Kc2 Nb7
27. Kd2 Kc5 28. Bb3 Nd6 29. Kd3 f5 30. f3 Nf7 31. f4 g5 32. g3 e5 33. e4 exf4
34. gxf4 fxe4+ 35. Kxe4 gxf4 36. Kxf4 a5 37. Kf5 Ng5 38. h4 Nf3 39. h5 Nd2 40.
Kg6 Ne4 41. Kxh6 Ng3 42. Kg6 Nxh5 43. Kxh5 a4 44. Kg4 axb3 45. axb3 b5 46. cxb5
1-0

[Event "Ste-Foy - Botwinnik"]
[Site "Ste-Foy CAN"]
[Date "2018.09.22"]
[Round "3"]
[White "Chouinard, Etienne"]
[Black "Auger, Bertrand"]
[Result "1/2-1/2"]
[WhiteElo "1879"]
[BlackElo "1924"]
[PlyCount "79"]
[EventDate "2018.09.08"]
[EventType "swiss"]
[EventRounds "5"]
[EventCountry "CAN"]

1. d4 Nf6 2. e3 e6 3. f4 b6 4. Nf3 Bb7 5. Bd3 c5 6. O-O Be7 7. c3 O-O 8. Nbd2
Nc6 9. Ne4 Nxe4 10. Bxe4 f5 11. Bd3 Rc8 12. Bd2 Qe8 13. Be1 Qh5 14. Ne5 Qxd1
15. Rxd1 Nxe5 16. dxe5 Rfd8 17. Bc4 Kf7 18. Bf2 Bc6 19. Rd2 g5 20. Rfd1 b5 21.
Be2 g4 22. e4 h5 23. exf5 exf5 24. Rd6 c4 25. a3 Bxd6 26. Rxd6 Be4 27. Bh4 Re8
28. Rxd7+ Ke6 29. Rxa7 Rc5 30. Rh7 Rd5 31. a4 Rd2 32. Bf1 Bd3 33. Bxd3 Rxd3 34.
axb5 Rd1+ 35. Kf2 Rd2+ 36. Kf1 Rxb2 37. Ra7 Rxb5 38. Ra6+ Kd7 39. Rd6+ Kc7 40.
Rd4 1/2-1/2

[Event "Ste-Foy - Botwinnik"]
[Site "Ste-Foy CAN"]
[Date "2018.09.22"]
[Round "3"]
[White "Darveau, Michel"]
[Black "Sauve, Richard"]
[Result "0-1"]
[WhiteElo "1387"]
[BlackElo "1920"]
[PlyCount "76"]
[EventDate "2018.09.08"]
[EventType "swiss"]
[EventRounds "5"]
[EventCountry "CAN"]

1. e4 e6 2. d4 d5 3. exd5 exd5 4. Nf3 Bd6 5. Nc3 c6 6. Bd3 Nf6 7. h3 O-O 8. O-O
Re8 9. Bg5 h6 10. Bxf6 Qxf6 11. Re1 Be6 12. Ne2 Bxh3 13. Ng3 Rxe1+ 14. Qxe1 Be6
15. Nh5 Qe7 16. Ne5 Nd7 17. f4 Nf6 18. Qh4 Nxh5 19. Qxh5 Qf6 20. Rf1 c5 21. c3
cxd4 22. cxd4 Bxe5 23. fxe5 Qg5 24. Qxg5 hxg5 25. Bf5 Bxf5 26. Rxf5 Rc8 27. Rf2
Rc1+ 28. Rf1 Rxf1+ 29. Kxf1 f6 30. exf6 gxf6 31. g4 Kf7 32. Ke2 Ke6 33. Ke3 f5
34. Kf3 f4 35. Ke2 Kd6 36. Kd2 Kc6 37. a4 b5 38. b3 bxa4 0-1

[Event "Ste-Foy - Botwinnik"]
[Site "Ste-Foy CAN"]
[Date "2018.09.22"]
[Round "3"]
[White "Desbiens, Raphael"]
[Black "Nafii, Adil"]
[Result "1-0"]
[WhiteElo "2175"]
[BlackElo "1564"]
[PlyCount "67"]
[EventDate "2018.09.08"]
[EventType "swiss"]
[EventRounds "5"]
[EventCountry "CAN"]

1. e4 c5 2. Nf3 Nc6 3. d4 cxd4 4. Nxd4 e5 5. Nb5 a6 6. Nd6+ Bxd6 7. Qxd6 Qf6 8.
Qd1 Qg6 9. Nc3 Nf6 10. f3 O-O 11. Be3 d5 12. Nxd5 Nxd5 13. Qxd5 Be6 14. Qc5
Rfd8 15. c3 Rac8 16. Qb6 Rd7 17. g4 Qf6 18. Be2 Qh4+ 19. Bf2 Qh3 20. Bg3 Rcd8
21. Kf2 Rd6 22. Rhd1 Nd4 23. Rxd4 exd4 24. Bxd6 Qh4+ 25. Bg3 Qf6 26. Rd1 Bxa2
27. Qxf6 gxf6 28. Rxd4 Rc8 29. Rd6 Be6 30. Bh4 Kg7 31. f4 a5 32. f5 Ba2 33.
Bxf6+ Kh6 34. g5# 1-0

[Event "Ste-Foy - Botwinnik"]
[Site "Ste-Foy CAN"]
[Date "2018.09.22"]
[Round "3"]
[White "Laflamme, Simon"]
[Black "Oliver, Vance"]
[Result "1-0"]
[WhiteElo "1948"]
[BlackElo "1499"]
[PlyCount "47"]
[EventDate "2018.09.08"]
[EventType "swiss"]
[EventRounds "5"]
[EventCountry "CAN"]

1. d4 Nf6 2. c4 g6 3. Nc3 Bg7 4. e4 d6 5. Be2 O-O 6. Bg5 Nbd7 7. Qd2 e5 8. d5
Nc5 9. Bf3 a5 10. h4 Qe8 11. h5 Bg4 12. Bxf6 Bxf3 13. Bxg7 Kxg7 14. hxg6 hxg6
15. Nxf3 Rh8 16. O-O-O a4 17. Rh2 Qd7 18. Rdh1 Rxh2 19. Rxh2 Qg4 20. Qh6+ Kf6
21. Qh4+ Qxh4 22. Rxh4 Nd3+ 23. Kc2 Nxf2 24. Kd2 1-0

[Event "Ste-Foy - Botwinnik"]
[Site "Ste-Foy CAN"]
[Date "2018.09.22"]
[Round "3"]
[White "Sarra-Bournet, Marc"]
[Black "Tremblay, Charles"]
[Result "1-0"]
[WhiteElo "1874"]
[BlackElo "1488"]
[PlyCount "59"]
[EventDate "2018.09.08"]
[EventType "swiss"]
[EventRounds "5"]
[EventCountry "CAN"]

1. e4 c5 2. Nc3 Nc6 3. f4 e6 4. Nf3 Nge7 5. g3 b6 6. Bg2 Bb7 7. O-O g6 8. d4
cxd4 9. Nxd4 Bg7 10. Ndb5 O-O 11. Be3 Ba6 12. Rf2 Rb8 13. Rd2 Bc8 14. Nd6 Bxc3
15. bxc3 Ba6 16. f5 Ne5 17. Bh6 exf5 18. Bxf8 Qxf8 19. exf5 N7c6 20. Rd5 Nc4
21. Nxc4 Bxc4 22. Rxd7 Qc5+ 23. Kh1 Re8 24. fxg6 hxg6 25. Bxc6 Qxc6+ 26. Kg1
Re2 27. Rd8+ Kh7 28. Qf1 Qc5+ 29. Rd4 Qh5 30. Rh4 1-0

[Event "Ste-Foy - Botwinnik"]
[Site "Ste-Foy CAN"]
[Date "2018.09.22"]
[Round "3"]
[White "Turcotte, Roger"]
[Black "Poliquin, Yvon"]
[Result "0-1"]
[WhiteElo "1401"]
[BlackElo "1926"]
[PlyCount "65"]
[EventDate "2018.09.08"]
[EventType "swiss"]
[EventRounds "5"]
[EventCountry "CAN"]

1. d4 d5 2. e3 Nf6 3. c4 e6 4. a3 c5 5. Nf3 Nc6 6. Nc3 Ne4 7. Qc2 Qa5 8. Bd2
Nxd2 9. Qxd2 cxd4 10. exd4 Bd7 11. Bd3 dxc4 12. Bxc4 Bb4 13. O-O Bxc3 14. bxc3
O-O 15. Rfe1 Qa4 16. Bd3 Rfd8 17. Qc2 Qxc2 18. Bxc2 Na5 19. Bd3 Rac8 20. Re5 b6
21. Rc1 Bc6 22. Be4 Nb3 23. Rc2 Ba4 24. c4 Nxd4 25. Nxd4 Bxc2 26. Bxc2 Rxd4 27.
Bb3 Rd3 28. Rb5 Rc3 29. h3 g6 30. Rb4 Rd8 31. a4 Rdd3 32. Ba2 Ra3 33. Bb1 0-1

[Event "Ste-Foy - Botwinnik"]
[Site "Ste-Foy CAN"]
[Date "2018.09.29"]
[Round "4"]
[White "Labrecque, Rejean"]
[Black "Chouinard, Etienne"]
[Result "0-1"]
[WhiteElo "1640"]
[BlackElo "1879"]
[PlyCount "58"]
[EventDate "2018.09.08"]
[EventType "swiss"]
[EventRounds "5"]
[EventCountry "CAN"]

1. d4 d5 2. c4 e6 3. Nf3 Nf6 4. Bg5 Nbd7 5. e3 c6 6. a3 Be7 7. Bd3 dxc4 8. Bxc4
b5 9. Bd3 Bb7 10. O-O a6 11. Nbd2 h6 12. Bh4 O-O 13. Rc1 Rc8 14. Qc2 c5 15. Be4
cxd4 16. Qb1 Nxe4 17. Bxe7 Qxe7 18. Nxe4 dxe3 19. fxe3 f5 20. Nc3 Bxf3 21. gxf3
Qg5+ 22. Kf2 Qh4+ 23. Kg2 Rf6 24. Ne2 Rxc1 25. Qxc1 Rg6+ 26. Ng3 f4 27. exf4
Nf6 28. Qc2 Nd5 29. Qxg6 Nxf4+ 0-1

[Event "Ste-Foy - Botwinnik"]
[Site "Ste-Foy CAN"]
[Date "2018.09.29"]
[Round "4"]
[White "Laflamme, Simon"]
[Black "Desbiens, Raphael"]
[Result "0-1"]
[WhiteElo "1948"]
[BlackElo "2175"]
[PlyCount "32"]
[EventDate "2018.09.08"]
[EventType "swiss"]
[EventRounds "5"]
[EventCountry "CAN"]

1. d4 Nf6 2. c4 g6 3. f3 d5 4. cxd5 Nxd5 5. e4 Nb6 6. Nc3 Bg7 7. Be3 O-O 8. Qd2
Nc6 9. Rd1 Qd6 10. e5 Qb4 11. Nb5 Nd5 12. Nc3 Nxe3 13. Qxe3 Qxb2 14. Rb1 Bh6
15. f4 Bxf4 16. Qf3 Qd2# 0-1

[Event "Ste-Foy - Botwinnik"]
[Site "Ste-Foy CAN"]
[Date "2018.10.06"]
[Round "5"]
[White "Desbiens, Raphael"]
[Black "Chouinard, Etienne"]
[Result "1-0"]
[WhiteElo "2175"]
[BlackElo "1879"]
[PlyCount "43"]
[EventDate "2018.09.08"]
[EventType "swiss"]
[EventRounds "5"]
[EventCountry "CAN"]

1. e4 e5 2. Nf3 Nc6 3. Bb5 Nf6 4. O-O d6 5. d4 exd4 6. Nxd4 Bd7 7. Nc3 Nxd4 8.
Bxd7+ Qxd7 9. Qxd4 Be7 10. Rd1 Qc6 11. Bg5 O-O 12. Rd3 h6 13. Bxh6 gxh6 14.
Rg3+ Kh7 15. Nd5 Qd7 16. Qxf6 Bxf6 17. Nxf6+ Kh8 18. Nxd7 Rfe8 19. Nf6 Re6 20.
Rf3 Kg7 21. Nh5+ Kg8 22. Re3 1-0

[Event "Ste-Foy - Botwinnik"]
[Site "Ste-Foy CAN"]
[Date "2018.10.06"]
[Round "5"]
[White "Gaudreau, Eric"]
[Black "Laflamme, Simon"]
[Result "1/2-1/2"]
[WhiteElo "1674"]
[BlackElo "1948"]
[PlyCount "61"]
[EventDate "2018.09.08"]
[EventType "swiss"]
[EventRounds "5"]
[EventCountry "CAN"]

1. e4 Nf6 2. e5 Nd5 3. d4 d6 4. Nf3 g6 5. c4 Nb6 6. Nc3 Bg7 7. Be3 O-O 8. Be2
Nc6 9. exd6 cxd6 10. O-O Bg4 11. Rc1 Bxf3 12. gxf3 d5 13. cxd5 Nxd5 14. Bb5 Rc8
15. Qd2 f5 16. Nxd5 Nxd4 17. Bxd4 Qxd5 18. Ba4 Qxd4 19. Qxd4 Bxd4 20. Bb3+ Kg7
21. Be6 Rxc1 22. Rxc1 Bxb2 23. Rc7 Kf6 24. Bd5 Rd8 25. Bxb7 Bd4 26. Rc2 Rb8 27.
Bd5 Ke5 28. Bb3 Kf4 29. Kg2 Rb7 30. Rc4 e5 31. Rc6 1/2-1/2

[Event "Ste-Foy - Botwinnik"]
[Site "Ste-Foy CAN"]
[Date "2018.10.06"]
[Round "5"]
[White "Poliquin, Yvon"]
[Black "Oliver, Vance"]
[Result "1-0"]
[WhiteElo "1926"]
[BlackElo "1499"]
[PlyCount "59"]
[EventDate "2018.09.08"]
[EventType "swiss"]
[EventRounds "5"]
[EventCountry "CAN"]

1. e4 g6 2. d4 Bg7 3. Nf3 d6 4. Bc4 Nf6 5. Qe2 Nc6 6. h3 e5 7. d5 Ne7 8. g4 a6
9. a4 Bd7 10. Nc3 Rb8 11. Bg5 Nc8 12. Bb3 Na7 13. Qe3 Ra8 14. Bh6 O-O 15. Bg5
Qe8 16. Nh2 b5 17. f3 bxa4 18. Bxa4 Nb5 19. Bxb5 axb5 20. O-O Qb8 21. Ne2 Qb7
22. Ng3 Rxa1 23. Rxa1 Ra8 24. Qc1 Rxa1 25. Qxa1 c5 26. Qa5 Qb8 27. Kg2 b4 28.
h4 h6 29. Bd2 Kh7 30. Bxh6 1-0

[Event "Ste-Foy - Botwinnik"]
[Site "Ste-Foy CAN"]
[Date "2018.10.06"]
[Round "5"]
[White "Sauve, Richard"]
[Black "Sarra-Bournet, Marc"]
[Result "0-1"]
[WhiteElo "1920"]
[BlackElo "1874"]
[PlyCount "48"]
[EventDate "2018.09.08"]
[EventType "swiss"]
[EventRounds "5"]
[EventCountry "CAN"]

1. d4 d5 2. c4 e6 3. Nc3 Nf6 4. Bg5 Nbd7 5. cxd5 exd5 6. e3 Be7 7. Nf3 O-O 8.
Qc2 h6 9. Bh4 c6 10. Bd3 Re8 11. O-O Ne4 12. Bxe7 Qxe7 13. Bxe4 dxe4 14. Nd2
Nf6 15. Rab1 Bg4 16. a3 Rad8 17. b4 Nd5 18. Rfe1 Nxc3 19. Qxc3 Rd5 20. a4 Rh5
21. Qc2 Qh4 22. Nf1 Bf3 23. b5 Re6 24. h3 Bxg2 0-1

[Event "Ste-Foy - Euwe"]
[Site "Ste-Foy CAN"]
[Date "2018.01.13"]
[Round "1"]
[White "Gaudreau, Eric"]
[Black "Desbiens, Raphael"]
[Result "0-1"]
[WhiteElo "1721"]
[BlackElo "1978"]
[PlyCount "72"]
[EventDate "2018.01.13"]
[EventType "swiss"]
[EventRounds "5"]
[EventCountry "CAN"]

1. Nf3 Nf6 2. c4 g6 3. b4 Bg7 4. Bb2 O-O 5. g3 d6 6. Bg2 a5 7. a3 e5 8. d3 Nc6
9. b5 Ne7 10. Nbd2 Nh5 11. Qc2 f5 12. O-O Bd7 13. a4 h6 14. c5 b6 15. cxd6 cxd6
16. Nc4 Rc8 17. Qd2 Be6 18. Rac1 e4 19. Bxg7 exf3 20. Bxf8 fxg2 21. Kxg2 Kxf8
22. Qxh6+ Kf7 23. Qe3 Bxc4 24. Rxc4 Rxc4 25. dxc4 Qc7 26. Qd4 Qc5 27. Qxc5 dxc5
28. Rd1 Ke6 29. Rd8 Nf6 30. Rb8 Nd7 31. Rh8 Ne5 32. Rh4 Nc8 33. e4 Nd6 34.
exf5+ Kxf5 35. Rh8 Nexc4 36. Rb8 Ne4 0-1

[Event "Ste-Foy - Euwe"]
[Site "Ste-Foy CAN"]
[Date "2018.01.13"]
[Round "1"]
[White "Jean, Martin"]
[Black "Bernatchez, Dan"]
[Result "0-1"]
[WhiteElo "1613"]
[BlackElo "1921"]
[PlyCount "48"]
[EventDate "2018.01.13"]
[EventType "swiss"]
[EventRounds "5"]
[EventCountry "CAN"]

1. c4 c5 2. Nc3 Nf6 3. Nf3 Nc6 4. g3 d5 5. cxd5 Nxd5 6. Bg2 Nc7 7. d3 e5 8. O-O
Be7 9. Nd2 Be6 10. a4 O-O 11. f4 exf4 12. Rxf4 Bg5 13. Rf1 Nd5 14. Nxd5 Bxd5
15. Nf3 Bf6 16. Bd2 Nd4 17. Bc3 Re8 18. e4 Bc6 19. Nxd4 Bxd4+ 20. Kh1 Re5 21.
Qf3 f6 22. Bh3 Qe7 23. a5 Rxe4 24. Bg2 Re2 0-1

[Event "Ste-Foy - Euwe"]
[Site "Ste-Foy CAN"]
[Date "2018.01.13"]
[Round "1"]
[White "Laflamme, Simon"]
[Black "Lescarbeau, Martin"]
[Result "1-0"]
[WhiteElo "1938"]
[BlackElo "1659"]
[PlyCount "55"]
[EventDate "2018.01.13"]
[EventType "swiss"]
[EventRounds "5"]
[EventCountry "CAN"]

1. d4 Nf6 2. c4 g6 3. Nc3 d5 4. cxd5 Nxd5 5. e4 Nxc3 6. bxc3 Bg7 7. Nf3 c5 8.
Be3 Nc6 9. Be2 O-O 10. O-O Bg4 11. d5 Bxf3 12. gxf3 Na5 13. Bxc5 Bxc3 14. Rc1
Be5 15. Qd2 b6 16. Bb4 Qb8 17. Bxe7 Bxh2+ 18. Kg2 Bf4 19. Qd4 Re8 20. Bf6 Bxc1
21. Rxc1 Qf4 22. Rh1 h5 23. Rh4 Qd6 24. e5 Qxf6 25. exf6 Rxe2 26. Qf4 Kh7 27.
Qg5 Rg8 28. Kf1 1-0

[Event "Ste-Foy - Euwe"]
[Site "Ste-Foy CAN"]
[Date "2018.01.13"]
[Round "1"]
[White "Sauve, Richard"]
[Black "Chabot, Michelin"]
[Result "1/2-1/2"]
[WhiteElo "1919"]
[BlackElo "1542"]
[PlyCount "136"]
[EventDate "2018.01.13"]
[EventType "swiss"]
[EventRounds "5"]
[EventCountry "CAN"]

1. d4 d5 2. c4 c6 3. e3 Bf5 4. Nf3 e6 5. Nc3 Nf6 6. Be2 Nbd7 7. O-O Bd6 8. Bd2
O-O 9. Rc1 Rc8 10. a3 h6 11. b4 Re8 12. Qb3 Ne4 13. cxd5 Nxc3 14. Rxc3 cxd5 15.
Rfc1 Rxc3 16. Rxc3 Nf6 17. Qa4 Ne4 18. Rc1 Bg4 19. Be1 a6 20. Qc2 f5 21. h3 Bh5
22. Qd3 g5 23. Nd2 Bxe2 24. Qxe2 Kg7 25. Nxe4 fxe4 26. f3 exf3 27. Qxf3 Rf8 28.
Qe2 Qe8 29. Bd2 Qa4 30. Qd3 Qe8 31. Rf1 Rxf1+ 32. Kxf1 Qf7+ 33. Kg1 Bg3 34. Qe2
Qg6 35. Bc1 Qb1 36. Qd2 Qf5 37. Bb2 Bb8 38. Qc3 Qf8 39. Qc5 Bd6 40. Qc2 Qb8 41.
e4 Bh2+ 42. Kh1 Qc7 43. Qc5 Bd6 44. Qxc7+ Bxc7 45. exd5 exd5 46. Kg1 h5 47. g4
hxg4 48. hxg4 Bf4 49. Kf2 Kf7 50. Ke2 Ke7 51. Kd3 Kd7 52. Kc3 b6 53. Kb3 Kc6
54. a4 b5 55. a5 Kd7 56. Kc3 Ke6 57. Kd3 Kf6 58. Bc3 Kg6 59. Ke2 Bd6 60. Kf3
Kf6 61. Ke2 Bf4 62. Kf3 Ke6 63. Ke2 Bc7 64. Bd2 Bd8 65. Kf3 Kd7 66. Ke2 Kc6 67.
Kd3 Bf6 68. Bc3 Be7 1/2-1/2

[Event "Ste-Foy - Euwe"]
[Site "Ste-Foy CAN"]
[Date "2018.01.20"]
[Round "2"]
[White "Desbiens, Raphael"]
[Black "Bernatchez, Dan"]
[Result "1-0"]
[WhiteElo "1978"]
[BlackElo "1921"]
[PlyCount "67"]
[EventDate "2018.01.13"]
[EventType "swiss"]
[EventRounds "5"]
[EventCountry "CAN"]

1. e4 g6 2. d4 Bg7 3. Nf3 c5 4. d5 a6 5. a4 d6 6. h3 e6 7. Bc4 exd5 8. Qxd5 Qe7
9. Ng5 Nh6 10. Bf4 Be5 11. Bxe5 Qxe5 12. Qxe5+ dxe5 13. Nc3 O-O 14. O-O-O Nc6
15. Nd5 Na5 16. Nb6 Rb8 17. Ba2 Kg7 18. Nxc8 Rfxc8 19. Rd7 c4 20. Rhd1 b5 21.
R1d5 Nc6 22. c3 b4 23. Bxc4 bxc3 24. b3 Nb4 25. Rxe5 Rxc4 26. Nxf7 Nxf7 27.
Ree7 Kh6 28. f4 Ng5 29. g4 Nc6 30. fxg5+ Kxg5 31. Rd5+ Kf6 32. Rc7 Na5 33. bxc4
Rb2 34. Rxa5 1-0

[Event "Ste-Foy - Euwe"]
[Site "Ste-Foy CAN"]
[Date "2018.01.20"]
[Round "2"]
[White "Dube, Daniel"]
[Black "Laflamme, Simon"]
[Result "1/2-1/2"]
[WhiteElo "1916"]
[BlackElo "1938"]
[PlyCount "81"]
[EventDate "2018.01.13"]
[EventType "swiss"]
[EventRounds "5"]
[EventCountry "CAN"]

1. c4 c6 2. d4 d5 3. Nf3 Nf6 4. Nc3 e6 5. Bg5 h6 6. Bxf6 Qxf6 7. Qb3 dxc4 8.
Qxc4 Nd7 9. e3 g6 10. Ne4 Qe7 11. Ne5 Bg7 12. f4 Nb6 13. Qc5 Qxc5 14. dxc5 Bxe5
15. fxe5 Nd7 16. Nf6+ Nxf6 17. exf6 e5 18. Bc4 Bf5 19. Rd1 O-O 20. h3 h5 21.
Ke2 Rad8 22. Kf3 Bc2 23. Rd6 Rxd6 24. cxd6 Rd8 25. Rc1 Bf5 26. g4 hxg4+ 27.
hxg4 Bd7 28. g5 Re8 29. Rh1 Bf5 30. e4 Bd7 31. Bxf7+ Kxf7 32. Rh7+ Ke6 33. Rg7
Kxd6 34. Rxg6 Rf8 35. Rg7 Ke6 36. Re7+ Kd6 37. Kg3 Rg8 38. Kh4 Rh8+ 39. Kg3 Rg8
40. Kh4 Rh8+ 41. Kg3 1/2-1/2